Estrategias para el desarrollo nacional 1970-80: visión y realización nueve años después

Сохранить в:
Библиографические подробности
Соавтор: Panamá. Ministerio de Planificación y Política Económica
Формат: Текст
Опубликовано: Panamá: Ministerio de Planificación y Política Económica
Метки: Добавить метку
Нет меток, Требуется 1-ая метка записи!

MARC

LEADER 00000 a a2200000 04500
001 22601
003
040
090 |a 154200  
110 |a Panamá. Ministerio de Planificación y Política Económica  
245 |a Estrategias para el desarrollo nacional 1970-80: visión y realización nueve años después  
260 |a Panamá:   |b Ministerio de Planificación y Política Económica  
300 |a 173 p.   |b **no definido**   |b fonodiscos  
999 |c 14634  |d 14634